000 00691nam a2200289Ia 4500
005 20260324135428.0
008 008 260324s9999 xx 000 0 eng d
020 _a9781315068572
037 _aEBOOK
040 _aCRL
040 _beng
040 _cCRL
041 _2eng
041 _aeng
084 _qCRL
100 _aDennis Carter
_91195566
245 0 _aTeaching Fiction in the Primary School
245 0 _bClassroom Approaches to Narratives
260 _bTaylor and Francis
260 _c2000
365 _a
365 _b205
856 _uhttp://www.taylorfrancis.com/books/9781315068572
942 _cEBOOK
999 _c1801615
_d1801615